000
00220nam a22000857a 4500
999
_c
10990
_d
10990
008
180712b ||||| |||| 00| 0 eng d
100
_a
Austen Jane
_9
6786
245
_a
Pride and Prejudice
260
_a
New Delhi
_b
Campfire
_c
2016